| 000 | 004280000a22001810004500 | ||
|---|---|---|---|
| 003 | MACL | ||
| 005 | 20150814155419.0 | ||
| 008 | 150814b xxu||||| |||| 00| 0 eng d | ||
| 040 |
_aMACL _cMACL |
||
| 041 | _aEnglish | ||
| 082 | _a400/MUL | ||
| 100 |
_aMullar, E _95653 |
||
| 245 | _aPali Language | ||
| 260 |
_bBharatiya Book Corporation _c1986 _aNew Delhi |
||
| 350 | _a75 | ||
| 650 |
_aLanguage _95654 |
||
| 942 |
_cBK _k400 _2ddc |
||
| 999 |
_c5479 _d5479 |
||